000 00680nam a2200253Ia 4500
003 OSt
005 20221005052518.0
006 a|||||r|||| 00| 0
007 ta
008 221004b |||||||| |||| 00| 0 eng d
020 _a1857152131
024 _a26770
037 _cTextual
040 _aCRL
_cCRL
_beng
041 _2eng
_aeng
082 _aO111,3N27,2, N5
100 _aNaipaul V. S.
245 0 _aA House for MR Biswas Introduction by Karl Miller
260 _aLondon
_bDavid campbell UK
_c1995
300 _a564p.
_ccm.
650 _aENGLISH LITERATURE
942 _hO111,3N27,2, N5
_cTEXL
_2cc
999 _c960531
_d960531